000 00911nam a2200253Ia 4500
003 OSt
005 20250729102511.0
008 210210b2019 xxu||||| |||| 00| 0 eng d
020 _a9789389555318
040 _cAL
041 _aKannada
082 _a351.3K RUDB
100 _aRudrani V S
_9159074
110 _aರುದ್ರಾನಿ ವಿ ಎಸ್
_9220600
245 _aNoora ondu Bidisida spardathmaka prashnepatrikegala kaipidi
_b: ನೂರಒಂದು ಬಿಡಿಸಿದ ಸ್ಪರ್ಧಾತ್ಮಕ ಪ್ರಶ್ನಪತ್ರಿಕೆಗಳ ಕೈಪಿಡಿ
260 _aBengaluru
_bSapna book house
_c2019
300 _a979
650 _a101 Bidisida spardathmaka prashnepatrikegala kaipidi
_9159075
690 _aGeneral Knowledge
_9159076
700 _aJayanna, C V
_9159077
700 _aಜಯಣ್ಣ, ಸಿ ವಿ
_9220601
906 _a073749
942 _2ddc
_cREF
999 _c123520
_d123520